00467nam a2200169Ia 4500003000400000005001700004008004100021020001400062040000700076041000800083082002400091100001800115245010000133260003900233300001200272365001300284OSt20230316164032.0210423s2006 xx 000 0 und d a761934391 cAL aeng a303.4833 223bGHOA aGHOSH (Avik). aCommunication technology and human development: recent experiences in the Indian social sector. aNew DelhibSage Publicationsc2006 a289bPB b340cINR